The law of termination of employment / (Record no. 225)

MARC details
000 -LEADER
fixed length control field 01090cam a2200325 a 4500
001 - CONTROL NUMBER
control field 14544187
003 - CONTROL NUMBER IDENTIFIER
control field OSt
005 - DATE AND TIME OF LATEST TRANSACTION
control field 20150706105020.0
008 - FIXED-LENGTH DATA ELEMENTS--GENERAL INFORMATION
fixed length control field 060909s2006 enk 001 0 eng
010 ## - LIBRARY OF CONGRESS CONTROL NUMBER
LC control number 2006462499
020 ## - INTERNATIONAL STANDARD BOOK NUMBER
International Standard Book Number 1846610079
040 ## - CATALOGING SOURCE
Original cataloging agency DLC
Transcribing agency DLC
042 ## - AUTHENTICATION CODE
Authentication code pcc
043 ## - GEOGRAPHIC AREA CODE
Geographic area code e-uk---
050 00 - LIBRARY OF CONGRESS CALL NUMBER
Classification number KD3110
Item number .U63 2006
082 ## - DEWEY DECIMAL CLASSIFICATION NUMBER
Classification number 346.078 UPE
100 1# - MAIN ENTRY--PERSONAL NAME
Personal name Upex, R. V.
9 (RLIN) 658
245 14 - TITLE STATEMENT
Title The law of termination of employment /
Statement of responsibility, etc by Robert Upex ; chapter 12 on insolvency of the employer, Nick Humphreys.
250 ## - EDITION STATEMENT
Edition statement 7th ed.
260 ## - PUBLICATION, DISTRIBUTION, ETC. (IMPRINT)
Place of publication, distribution, etc Bristol :
Name of publisher, distributor, etc Jordans,
Date of publication, distribution, etc c2006.
300 ## - PHYSICAL DESCRIPTION
Extent lxxix, 572 p. ;
Dimensions 26 cm.
500 ## - GENERAL NOTE
General note Includes bibliographic references and index.
650 #0 - SUBJECT ADDED ENTRY--TOPICAL TERM
Topical term or geographic name as entry element Employees
General subdivision Dismissal of
-- Law and legislation
Geographic subdivision Great Britain.
9 (RLIN) 659
650 #0 - SUBJECT ADDED ENTRY--TOPICAL TERM
Topical term or geographic name as entry element Remedies (Law)
Geographic subdivision Great Britain.
9 (RLIN) 660
700 1# - ADDED ENTRY--PERSONAL NAME
Personal name Humphreys, Nick.
9 (RLIN) 661
906 ## - LOCAL DATA ELEMENT F, LDF (RLIN)
a 7
b cbc
c origcop
d 2
e ncip
f 20
g y-gencatlg
942 ## - ADDED ENTRY ELEMENTS (KOHA)
Source of classification or shelving scheme Dewey Decimal Classification
Koha item type Books
Holdings
Withdrawn status Lost status Source of classification or shelving scheme Damaged status Not for loan Home library Current library Shelving location Date acquired Total Checkouts Full call number Barcode Date last seen Price effective from Koha item type
    Dewey Decimal Classification     Law Development Centre Main Library Law Development Centre Main Library Text Books and Laws 04/11/2011   346.078 UPE 10809 04/11/2011 04/11/2011 Books